00305nam a2200121Ia 4500008004100000082001500041100001800056245002200074250001200096260004400108300001000152600002100162250604s9999 xx 000 0 und d a005.43 SHU aShukla, Vijay 0aOperating Systems a3rd ed. aNew Delhi:bS. K. Kataria & Sons,c2014 a330p. aComputer Science